[Event "Madrid-B"]
[Site "Madrid"]
[Date "1994.??.??"]
[Round "4"]
[White "Barez, Hector"]
[Black "Ortiz Aleman, Jose Carlos"]
[Result "1-0"]
[WhiteElo "2340"]
[BlackElo "2185"]

1.Nf3 Nf6 2.c4 g6 3.g3 Bg7 4.Bg2 O-O 5.O-O d6 6.d4 Nbd7 7.Nc3 e5 8.e4 c6
9.h3 Re8 10.Be3 exd4 11.Nxd4 Nc5 12.Qc2 Qe7 13.Rfe1 Be6 14.Nxe6 Nxe6 15.Rad1 Qc7
16.f4 Nf8 17.Qf2 N8d7 18.Rd3 Bf8 19.Red1 Rad8 20.g4 Nc5 21.Bxc5 dxc5 22.e5 Rxd3
23.Rxd3 Nd7 24.Ne4 Bg7 25.g5 Bf8  1-0

[Event "CRO-chT"]
[Site "Makarska"]
[Date "1994.??.??"]
[Round "1"]
[White "Petek Medic, Mirjana"]
[Black "Misanovic, Vesna"]
[Result "1/2-1/2"]
[WhiteElo "2285"]
[BlackElo "2340"]

1.Nf3 Nf6 2.g3 g6 3.Bg2 Bg7 4.c4 O-O 5.O-O Nc6 6.Nc3 a6 7.d4 d6 8.d5 Na5
9.Qd3 c5 10.Nd2 Ng4 11.Qc2 Ne5 12.Nd1 b5 13.Ne3 Rb8 14.Rb1 e6 15.cxb5 exd5
16.Bxd5 axb5 17.b4 Nac6 18.bxc5 Nd4 19.Qd1 dxc5 20.Nb3 Ng4 21.Bg2 c4 22.Nxd4 Bxd4
23.Nd5 Bg7 24.Bf4 Ne5 25.Qc1 Bf5 26.Rb2 c3 27.Rb3 b4 28.Rxb4 Rxb4 29.Nxb4 Qa5
30.Nd5 Nc6 31.Nxc3 Nd4 32.Bd2 Rc8 33.Kh1 Qa6 34.Qb2 Nxe2 35.Qb5 Qxb5 36.Nxb5 Rc2
37.Be3 Rxa2 38.Rd1 h5 39.h4 Ra1  1/2-1/2

[Event "Marbach"]
[Site "Marbach"]
[Date "1994.??.??"]
[Round "?"]
[White "Konopka, Michal"]
[Black "Ullrich, Frank"]
[Result "1-0"]
[WhiteElo "2440"]
[BlackElo "2250"]

1.Nf3 Nf6 2.c4 g6 3.g3 Bg7 4.Bg2 O-O 5.O-O d6 6.d4 Nbd7 7.Nc3 e5 8.e4 exd4
9.Nxd4 Re8 10.h3 Nc5 11.Re1 Bd7 12.Bf4 a6 13.Rc1 Rb8 14.b4 Ne6 15.Be3 b5
16.cxb5 axb5 17.Nb3 Bf8 18.Qd2 c6 19.f4 Nc7 20.Red1 Nh5 21.g4 Ng7 22.f5 Na6
23.a3 Be7 24.Rf1 Rc8 25.Qf2 Bf8 26.Rcd1 Qc7 27.fxg6 fxg6 28.e5 Be6 29.Nd4 dxe5
30.Nxe6 Nxe6 31.Ne4 Re7 32.Bb6 Qb8 33.Nf6+ Kg7 34.Nd7 Qb7 35.Nxe5 Nb8 36.Bd8 Rcc7
37.Bxe7 Rxe7 38.Rd8 Nd7 39.Nxd7 Rxd7 40.Rxf8  1-0

[Event "Marbach"]
[Site "Marbach"]
[Date "1994.??.??"]
[Round "?"]
[White "Konopka, Michal"]
[Black "Kveinys, Aloyzas"]
[Result "0-1"]
[WhiteElo "2440"]
[BlackElo "2520"]

1.Nf3 Nf6 2.c4 g6 3.g3 Bg7 4.Bg2 O-O 5.O-O d6 6.d4 c6 7.Nc3 Nbd7 8.e4 e5
9.h3 exd4 10.Nxd4 Re8 11.Re1 Qb6 12.Nc2 Nc5 13.Rb1 Ng4 14.hxg4 Bxc3 15.Re3 Be5
16.g5 Be6 17.Na3 a5 18.Re1 Rad8 19.Be3 Qb4 20.Qc2 Rc8 21.f4 Bg7 22.f5 Bd7
23.f6 Bf8 24.Rbd1 Bg4 25.Rd2 Nd7 26.Rf1 Ne5 27.Qb3 Be6 28.Rc2 b5 29.Bd2 Qc5+
30.Be3 bxc4 31.Qc3 Qb4 32.Bd2 Qxc3 33.Bxc3 Nd3 34.Bxa5 d5 35.Bc3 Bc5+ 36.Kh2 d4
37.Be1 Nxb2 38.Rxb2 Bxa3 39.Rc2 d3 40.Rcf2 Bc5 41.Rd2 Be3 42.Rb2  0-1

[Event "Marbach"]
[Site "Marbach"]
[Date "1994.??.??"]
[Round "?"]
[White "Pribyl, Josef"]
[Black "Ullrich, Frank"]
[Result "1-0"]
[WhiteElo "2395"]
[BlackElo "2250"]

1.c4 Nf6 2.Nf3 g6 3.g3 Bg7 4.Bg2 O-O 5.O-O d6 6.Nc3 c6 7.d3 Qa5 8.Qd2 Qh5
9.Qg5 Na6 10.Rb1 h6 11.Qxh5 Nxh5 12.Bd2 e5 13.b4 Nc7 14.b5 d5 15.bxc6 bxc6
16.Rfc1 Ba6 17.cxd5 cxd5 18.Na4 Ne6 19.Rc6 Bc8 20.Rd6 Rd8 21.Rxd8+ Nxd8 22.Nc3 d4
23.Ne4 Be6 24.a4 Rc8 25.h3 Kh7 26.Nd6 Rc2 27.Kf1 Ra2 28.Ba5 Nc6 29.Bc7 Rxa4
30.Ne8 Bh8 31.Rc1 Ra6 32.Bd6 Bd7 33.Nc7 Ra2 34.Ne1 Na5 35.Bd5 Bxh3+ 36.Ng2 Rb2
37.Bxf7 Nb3 38.Re1 a5 39.Kg1 Bxg2 40.Kxg2 Bf6 41.Nd5 Kg7 42.Be8 Nd2 43.Rc1 Rb7
44.Rc6 Nb1 45.Nxf6 Kxf6 46.Bf8+ Kg5 47.Rxg6+ Kf5 48.g4+  1-0

[Event "Mestres"]
[Site "Mestres"]
[Date "1994.??.??"]
[Round "3"]
[White "Pereira, Alvaro"]
[Black "Damaso, Rui"]
[Result "0-1"]
[WhiteElo "2285"]
[BlackElo "2435"]

1.Nf3 Nf6 2.c4 g6 3.g3 Bg7 4.Bg2 O-O 5.O-O d6 6.d4 c6 7.Nc3 Nbd7 8.b3 e5
9.Qc2 Re8 10.Rd1 e4 11.Ng5 e3 12.fxe3 Nf8 13.e4 Qe7 14.e3 h5 15.Rf1 Bh6 16.Nf3 N8h7
17.Kh1 Ng4 18.h3 Ngf6 19.e5 dxe5 20.Nxe5 Be6 21.e4 Bxc1 22.Qxc1 c5 23.d5 Bxh3
24.Nf3 Bxg2+ 25.Kxg2 Nxe4 26.Re1 f5 27.Qf4 Qg7 28.Nb5 Qb2+ 29.Kh3 Nf2+ 30.Kh4 Qf6+
31.Ng5 Ne4 32.Kh3 Nhxg5+ 33.Kg2 Qb2+  0-1

[Event "Mestres"]
[Site "Mestres"]
[Date "1994.??.??"]
[Round "9"]
[White "Antunes, Antonio"]
[Black "Pereira, Alvaro"]
[Result "1-0"]
[WhiteElo "2465"]
[BlackElo "2285"]

1.Nf3 Nf6 2.c4 g6 3.g3 Bg7 4.Bg2 O-O 5.O-O c6 6.d4 d5 7.cxd5 cxd5 8.Ne5 Nfd7
9.f4 Nxe5 10.fxe5 Nc6 11.Nc3 Qb6 12.e3 e6 13.b3 Bd7 14.Qd2 Rfc8 15.Bb2 Qa5
16.Rad1 Be8 17.Kh1 Rd8 18.Qf2 Rac8 19.e4 Ne7 20.Rc1 Bh6 21.Rc2 dxe4 22.Nxe4 Rxc2
23.Nf6+ Kh8 24.Qxc2 Bc6 25.Bxc6 bxc6 26.Ng4 Bg7 27.Ne3 Nf5 28.Nxf5 Qd5+ 29.Qg2 gxf5
30.Qxd5 Rxd5 31.Rc1 Ra5 32.Rxc6 Rxa2 33.Rc8+ Bf8 34.Bc3 Kg7 35.d5 exd5 36.e6+ Kg6
37.Rxf8 fxe6 38.Rf6+ Kg5 39.Rxe6 Ra3 40.Bd2+ Kg4 41.Kg2 f4 42.gxf4 Rxb3 43.Re5 Rb2
44.Rg5+ Kh4 45.Rxd5 Kg4 46.h3+  1-0

[Event "Mlada Boleslav op"]
[Site "Mlada Boleslav"]
[Date "1994.??.??"]
[Round "6"]
[White "Shalamberidze, Akaki"]
[Black "Suran, Jan"]
[Result "1-0"]
[WhiteElo "2360"]
[BlackElo "2145"]

1.c4 Nf6 2.Nf3 g6 3.g3 Bg7 4.Bg2 O-O 5.Nc3 d5 6.cxd5 Nxd5 7.O-O c5 8.Ng5 Nxc3
9.bxc3 Qc7 10.Ba3 Nd7 11.Qa4 a6 12.Rab1 Rb8 13.c4 b6 14.d3 h6 15.Ne4 Bb7
16.Bb2 b5 17.cxb5 axb5 18.Qc2 Bd5 19.Bxg7 Kxg7 20.Nxc5 Qxc5 21.Qxc5 Nxc5
22.Bxd5 e6 23.Bf3 b4 24.Rfc1 b3 25.Rxc5 bxa2 26.Rf1 Rb1 27.Ra5  1-0

[Event "Mondariz op"]
[Site "Mondariz"]
[Date "1994.??.??"]
[Round "?"]
[White "Antunes, Antonio"]
[Black "Paunovic, Dragan"]
[Result "1-0"]
[WhiteElo "2510"]
[BlackElo "2430"]

1.Nf3 Nf6 2.c4 g6 3.g3 Bg7 4.Bg2 O-O 5.O-O d5 6.d4 dxc4 7.Na3 c3 8.bxc3 c5
9.e3 Nc6 10.Qe2 Bf5 11.Rd1 Qa5 12.Bb2 Be4 13.c4 a6 14.Nb1 Bxb1 15.Raxb1 e6
16.Ba1 Rab8 17.Ne5 Qc7 18.Nxc6 bxc6 19.dxc5 Qe7 20.Rxb8 Rxb8 21.Be5 Rc8 22.Qb2 Ne8
23.Bxg7 Nxg7 24.Qb6 Nf5 25.Bxc6 Qc7 26.Bb7 Qxb6 27.cxb6  1-0

[Event "Mondariz op"]
[Site "Mondariz"]
[Date "1994.??.??"]
[Round "?"]
[White "Paunovic, Dragan"]
[Black "Izeta Txabarri, Felix"]
[Result "1-0"]
[WhiteElo "2430"]
[BlackElo "2505"]

1.Nf3 Nf6 2.c4 g6 3.g3 Bg7 4.Bg2 O-O 5.d4 c6 6.Nc3 d6 7.O-O Qa5 8.h3 Be6
9.Nd2 Qa6 10.d5 cxd5 11.cxd5 Bd7 12.Nf3 Qb6 13.e4 Rc8 14.Re1 a5 15.e5 Ne8
16.Qe2 Na6 17.Bg5 Bf8 18.e6 fxe6 19.dxe6 Bc6 20.Rad1 Nac7 21.Qd2 Ng7 22.Nd4 Bxg2
23.Kxg2 d5 24.Na4 Qa7 25.Qf4 b5 26.Qf7+ Kh8 27.Nc3 Qb7 28.Bf4 b4 29.Nce2 Nb5
30.Be5 Ra6 31.Nxb5 Qxb5 32.Nf4 Qe8 33.Rxd5 Qxf7 34.exf7 h6 35.Ne6 Kh7 36.Bxg7 Bxg7
37.Rd7  1-0

[Event "Montecatini Terme op"]
[Site "Montecatini Terme"]
[Date "1994.??.??"]
[Round "?"]
[White "Gaido, Paolo"]
[Black "Foisor, Cristina Adela B"]
[Result "1-0"]
[WhiteElo "2405"]
[BlackElo "2095"]

1.Nf3 Nf6 2.c4 g6 3.g3 Bg7 4.Bg2 O-O 5.O-O c6 6.d4 d6 7.Nc3 Bf5 8.b3 Ne4
9.Nxe4 Bxe4 10.Bb2 Nd7 11.Qd2 Nf6 12.Rfd1 d5 13.Bh3 Bxf3 14.exf3 e6 15.c5 Nd7
16.f4 b6 17.b4 Qc7 18.a4 Rfb8 19.Bc3 bxc5 20.bxc5 Rb3 21.Rdc1 Rab8 22.Bf1 Nf6
23.f3 h5 24.Be2 Qe7 25.Bd1 R3b7 26.a5 Nd7 27.a6 Rc7 28.Kg2 Qf6 29.h4 Rcc8
30.Ba4 Kh7 31.Ra3 Qd8 32.Ba5 Qh8 33.Bc3 Nf6 34.Rc2 Ng8 35.Rb2 Ne7 36.Rab3 Nf5
37.Rxb8 Rxb8 38.Rxb8 Qxb8 39.Bxc6 Qh8 40.Ba4 Bxd4 41.Bxd4 Nxd4 42.Qc3 e5
43.c6 Ne6 44.Qxe5 Qxe5 45.fxe5 Nc7 46.Bb3 Kg7 47.Kf2 Kf8 48.Ke3 Ke7 49.Kd4 Ke6
50.f4 Nb5+ 51.Kc5 Nc7 52.Kd4 Nb5+ 53.Ke3 Nc7 54.Bd1 Nxa6 55.g4 hxg4 56.Bxg4+ f5
57.exf6 Kxf6 58.Kd4 Nc7 59.Kc5 d4 60.Kxd4 a5 61.Kc5 a4 62.Kb4 Ke7 63.f5 gxf5
64.Bxf5 Kd6 65.Be4 Na6+ 66.Ka3 Nb8 67.h5 Nxc6 68.Bxc6 Ke5 69.h6 Kf6 70.Be8  1-0

[Event "Montecatini Terme op"]
[Site "Montecatini Terme"]
[Date "1994.??.??"]
[Round "?"]
[White "Gaido, Paolo"]
[Black "Mauro, Alan"]
[Result "1/2-1/2"]
[WhiteElo "2095"]
[BlackElo "2285"]

1.Nf3 Nf6 2.c4 g6 3.g3 Bg7 4.Bg2 O-O 5.O-O d6 6.d4 Nc6 7.Nc3 a6 8.d5 Na5
9.Nd2 c5 10.Qc2 Rb8 11.b3 b5 12.Bb2 bxc4 13.bxc4 Bd7 14.Rab1 Qc7 15.Nce4 Rxb2
16.Rxb2 Nxe4 17.Bxe4 Ba4 18.Qxa4 Bxb2 19.Rb1 Be5 20.Nb3 Nxb3 21.Rxb3 Rb8
22.Qxa6 Rxb3 23.axb3 Kg7 24.Kg2 h5 25.h4 Qd7 26.Qa2 f5 27.Bf3 Bf6 28.e3  1/2-1/2

[Event "Moscow-ch"]
[Site "Moscow"]
[Date "1994.??.??"]
[Round "?"]
[White "Zhidkov, Valery S"]
[Black "Korotylev, Alexey"]
[Result "1/2-1/2"]
[WhiteElo "2395"]
[BlackElo "2430"]

1.Nf3 Nf6 2.c4 g6 3.g3 Bg7 4.Bg2 O-O 5.O-O d6 6.d4 Nbd7 7.Qc2 e5 8.Rd1 Re8
9.Nc3 c6 10.e4 Qe7 11.h3 exd4 12.Nxd4 Nc5 13.Re1 Ng4 14.Nf3 Ne5 15.Nxe5 dxe5
16.Be3 Ne6 17.Ne2 Bf8 18.Rad1 a5 19.Nc3 Qf6 20.Na4 Ng5 21.Bxg5 Qxg5 22.Nb6 Rb8
23.c5 Be6 24.Nd7 Rbd8 25.Nxf8 Rxf8 26.Qc3 a4 27.h4 Qf6 28.Qb4 Bxa2 29.Qxa4 Be6
30.Qb4 Qe7 31.Bf3 h5  1/2-1/2

[Event "Moscow op"]
[Site "Moscow"]
[Date "1994.??.??"]
[Round "3"]
[White "Donchenko, Anatoly G"]
[Black "Nikitin, Aleksander S"]
[Result "1-0"]
[WhiteElo "2405"]
[BlackElo "2445"]

1.Nf3 Nf6 2.c4 g6 3.g3 Bg7 4.Bg2 O-O 5.O-O d5 6.d4 dxc4 7.Na3 c3 8.bxc3 c5
9.Nc4 Nc6 10.Nfe5 Nxe5 11.Nxe5 Nd7 12.Nxd7 Qxd7 13.dxc5 Qc7 14.Be3 Bxc3 15.Rb1 Bg7
16.Qb3 Rb8 17.Qa3 Bf5 18.Rb4 b6 19.Ra4 bxc5 20.Rxa7 Qd6 21.Bxc5 Qd2 22.Rxe7 Rb2
23.Ra7 Rfb8 24.Ra8 Be5 25.Rxb8+ Rxb8 26.f4 Bd4+ 27.Bxd4 Qxd4+ 28.Kh1 Rb2
29.Qa8+ Kg7 30.Qd5 Qe3 31.Qf3 Qxf3 32.Bxf3 Rxa2 33.Rc1 Bc2 34.Kg2 Rb2 35.g4 h6
36.h4 g5 37.hxg5 hxg5 38.fxg5 Bd3 39.Kf2 Bg6 40.Rc5 Kg8 41.Re5 Rb4 42.Kg3 Rd4
43.Bd5 Rb4 44.Kf3 Kg7 45.Bc6 Rc4 46.Bd7 Rc3+ 47.Kf4 Bc2 48.Bf5 Bd1 49.Bd3 Rc6
50.Re7 Kf8 51.Rb7 Bc2 52.Rb2 Bd1 53.Rb1 Ba4 54.Rb4 Bd1 55.Rb1 Ba4 56.g6 fxg6
57.Kg5 Re6 58.Rb8+ Be8 59.Kh6 Ke7 60.g5 Rd6 61.Kg7 Re6 62.Rb7+ Kd8 63.Ra7 Rd6
64.Ra8+ Ke7 65.Ra6 Rd5 66.Ra7+ Kd8 67.Bxg6 Bb5 68.Kh6 Bxe2 69.Bf7 Rd6+ 70.Kg7 Rd7
71.Ra8+ Ke7 72.g6 Bd3  1-0

[Event "Moscow ol (Men)"]
[Site "Moscow"]
[Date "1994.??.??"]
[Round "3"]
[White "Loginov, Valery A"]
[Black "Illescas Cordoba, Miguel"]
[Result "1/2-1/2"]
[WhiteElo "2610"]
[BlackElo "2590"]

1.Nf3 Nf6 2.g3 g6 3.c4 Bg7 4.Bg2 O-O 5.d4 c6 6.O-O d6 7.Nc3 Qa5 8.h3 Qa6
9.b3 b5 10.cxb5 cxb5 11.Qd3 b4 12.Ne1 Bxh3 13.Bxh3 bxc3 14.Bg2 d5 15.Qxa6 Nxa6
16.Ba3 Rfe8 17.Nd3 e6 18.Rac1 Rac8 19.Rc2 Ne4 20.e3 Bf8 21.Bxf8 Kxf8 22.Rfc1 f6
23.a3 e5 24.dxe5 fxe5 25.Bxe4 dxe4 26.Nb4 Nxb4 27.axb4 Rb8 28.Rxc3 Rxb4 29.Rc7 Re7
30.Rxe7 Kxe7 31.Rc7+ Kf6 32.Rxh7 a5 33.Ra7 Rxb3 34.Rxa5 Kf5 35.Kg2 g5 36.g4+ Kxg4
37.Rxe5 Rb4 38.Rd5 Rb1 39.Re5 Rb4 40.Re8 Ra4 41.Rxe4+ Rxe4 42.f3+ Kf5 43.fxe4+ Kxe4
44.Kg3 Kxe3 45.Kg4 Ke4  1/2-1/2

[Event "Moscow ol (Women)"]
[Site "Moscow"]
[Date "1994.??.??"]
[Round "6"]
[White "Borisova, Borislava"]
[Black "Bobrowska, Monika"]
[Result "1-0"]
[WhiteElo "2155"]
[BlackElo "2265"]

1.Nf3 Nf6 2.c4 g6 3.g3 Bg7 4.Bg2 O-O 5.O-O d6 6.d4 c6 7.Nc3 Bf5 8.Bf4 Ne4
9.Rc1 Nxc3 10.Rxc3 Be4 11.Be3 c5 12.Rb3 Nc6 13.dxc5 Na5 14.Rb4 Rc8 15.cxd6 exd6
16.Bxa7 Nxc4 17.Bd4 Bh6 18.Bc3 f6 19.Qd4 d5 20.Rxb7 Nd6 21.Rb4 Qd7 22.Qd1 Rf7
23.Qb3 Bf8 24.Rd1 Re8 25.Rb6 h6 26.a4 Kg7 27.a5 Nc4 28.Rxf6 Rxf6 29.Bxf6+ Kxf6
30.Qxc4 dxc4 31.Rxd7 Rb8 32.Nd2 Bf5 33.Rb7 Rd8 34.Ne4+ Ke6 35.Nc3 Rd6 36.e4 Bg4
37.f3  1-0

[Event "Moscow ol (Women)"]
[Site "Moscow"]
[Date "1994.??.??"]
[Round "7"]
[White "Litinskaya, Marta I"]
[Black "Eidelson, Rakhil"]
[Result "1-0"]
[WhiteElo "2295"]
[BlackElo "2215"]

1.Nf3 Nf6 2.c4 g6 3.g3 Bg7 4.Bg2 O-O 5.d4 d6 6.O-O Nbd7 7.Nc3 e5 8.e4 c6
9.h3 Qe7 10.Qc2 a6 11.a4 exd4 12.Nxd4 a5 13.Be3 Re8 14.Nb3 Ne5 15.Nd2 Be6
16.b3 Ned7 17.Rae1 d5 18.cxd5 cxd5 19.exd5 Bf5 20.Qd1 Qb4 21.Nb5 Bd3 22.Nc7 Bxf1
23.Nxf1 Rac8 24.Nxe8 Nxe8 25.Bd2 Qb6 26.Ne3 Ndf6 27.h4 Nd6 28.Qb1 Qd4 29.Bxa5 Nfe4
30.Rd1 Qe5 31.Nc4 Nxc4 32.bxc4 Rxc4 33.Bxe4 Rxa4 34.Bb6 Bf8 35.Qd3  1-0

[Event "Moscow ol (Men)"]
[Site "Moscow"]
[Date "1994.??.??"]
[Round "7"]
[White "Casagrande, Harald"]
[Black "Tilak, Sharad S"]
[Result "1-0"]
[WhiteElo "2395"]
[BlackElo "2415"]

1.Nf3 Nf6 2.c4 g6 3.g3 Bg7 4.Bg2 O-O 5.O-O d6 6.Nc3 e5 7.d4 Nbd7 8.dxe5 dxe5
9.Qc2 c6 10.b3 Re8 11.Rd1 Qe7 12.e4 Nf8 13.h3 N6d7 14.a4 a5 15.Ba3 Qf6 16.Ne2 Ne6
17.Ne1 Ndc5 18.Nd3 Nxd3 19.Rxd3 Bf8 20.Bb2 Bc5 21.Kh2 Nd4 22.Nxd4 Bxd4 23.Bxd4 exd4
24.c5 h5 25.f4 h4 26.Rf1 hxg3+ 27.Rxg3 Kg7 28.e5 Qf5 29.Be4 Qh5 30.Qd3 Bd7
31.Rf2 Rad8 32.f5 Rxe5 33.Qxd4 f6 34.Rxg6+ Kh7 35.Rxf6 Qh4 36.Rf7+ Kg8 37.Rg2+ Kxf7
38.Qxe5 Rg8 39.Bd5+ cxd5 40.Qxd5+  1-0

[Event "Moscow ol (Men)"]
[Site "Moscow"]
[Date "1994.??.??"]
[Round "9"]
[White "Loginov, Valery A"]
[Black "Tkachiev, Vladislav"]
[Result "1/2-1/2"]
[WhiteElo "2610"]
[BlackElo "2535"]

1.Nf3 Nf6 2.g3 g6 3.c4 Bg7 4.Bg2 O-O 5.O-O c6 6.d4 d5 7.Qb3 a5 8.cxd5 a4
9.Qa3 cxd5 10.Ne5 Nc6 11.Nxc6 bxc6 12.Nc3 Nd7 13.Rd1 Re8 14.b3 Ba6  1/2-1/2

[Event "Moscow ol (Women)"]
[Site "Moscow"]
[Date "1994.??.??"]
[Round "11"]
[White "Petek Medic, Mirjana"]
[Black "Klinova, Masha"]
[Result "1-0"]
[WhiteElo "2320"]
[BlackElo "2115"]

1.Nf3 Nf6 2.c4 g6 3.g3 Bg7 4.Bg2 O-O 5.Nc3 d6 6.d4 c6 7.O-O Qa5 8.h3 e5 9.e4 a6
10.d5 cxd5 11.cxd5 b5 12.Be3 Nbd7 13.Nd2 Ne8 14.Nb3 Qd8 15.Ne2 f5 16.exf5 gxf5
17.a4 bxa4 18.Rxa4 Rb8 19.Ra2 f4 20.gxf4 Qh4 21.f5 Nb6 22.Nd2 Rxf5 23.Ng3 Rf7
24.Nde4 h6 25.b3 Nd7 26.Ra4 Qe7 27.Qc1 Qf8 28.Nh5 Ndf6 29.Nxg7 Nxg7 30.Bxh6 Nxe4
31.Rxe4 Rxb3 32.Rh4 Qe8 33.Bg5 Qf8 34.Qc2 Rf5 35.Qxb3 Rxg5 36.f4 exf4 37.Rfxf4 Qe8
38.Qc3 Bf5 39.Rf3 Qg6 40.Qd2 Nh5 41.Rb3 Nf6 42.Kh2 Nd7 43.Be4 Ne5 44.Bxf5 Rxf5
45.Rg3 Kf7 46.Rxg6 Nf3+ 47.Kg3  1-0

[Event "Moscow ol (Men)"]
[Site "Moscow"]
[Date "1994.??.??"]
[Round "13"]
[White "Brunner, Lucas"]
[Black "Nikolaidis, Ioannis"]
[Result "1-0"]
[WhiteElo "2525"]
[BlackElo "2460"]

1.Nf3 Nf6 2.c4 g6 3.g3 Bg7 4.Bg2 O-O 5.O-O d6 6.d4 Nc6 7.Nc3 Rb8 8.d5 Na5
9.Nd2 c5 10.Rb1 e6 11.b3 a6 12.Bb2 b5 13.Ba1 b4 14.Na4 Bd7 15.Nb2 Ne8 16.Nd3 Bxa1
17.Rxa1 exd5 18.cxd5 Bb5 19.Qc2 Qf6 20.Rac1 Ng7 21.Rfe1 Nf5 22.e3 Rfe8 23.Ne4 Qd8
24.Nf4 Re5 25.Nd3 Re8 26.Red1 f6 27.Qb2 Rf8 28.Nf4 Ng7 29.Ne6 Nxe6 30.dxe6 Nb7
31.Qd2 Qe7 32.Nxd6 Rfd8 33.Bxb7 Rxb7 34.Nf5  1-0

[Event "Moscow ol (Men)"]
[Site "Moscow"]
[Date "1994.??.??"]
[Round "13"]
[White "Osman, Gadir Abdel"]
[Black "Smith, Louis"]
[Result "1/2-1/2"]
[WhiteElo "2185"]
[BlackElo "2205"]

1.Nf3 g6 2.g3 Bg7 3.Bg2 Nf6 4.c4 O-O 5.O-O d6 6.d4 c6 7.Nc3 Qc7 8.Bg5 Bg4
9.h3 Bd7 10.Qd2 Qc8 11.Kh2 Na6 12.Rac1 Nc7 13.b4 Ne6 14.Bh6 Qd8 15.e4 Ne8
16.d5 cxd5 17.Nxd5 N8c7  1/2-1/2

[Event "Muenster op"]
[Site "Muenster"]
[Date "1994.??.??"]
[Round "9"]
[White "Bosboom, Manuel"]
[Black "Beckhuis, Gernod"]
[Result "1-0"]
[WhiteElo "2380"]
[BlackElo "2265"]

1.c4 g6 2.Nf3 Bg7 3.g3 Nf6 4.Bg2 O-O 5.O-O d6 6.Nc3 e5 7.d3 Nc6 8.Rb1 a5
9.a3 h6 10.b4 axb4 11.axb4 Be6 12.b5 Ne7 13.Qc2 Qd7 14.c5 Nfd5 15.e4 Nxc3
16.Qxc3 f5 17.Ba3 Rf7 18.cxd6 cxd6 19.Qb4 d5 20.exf5 Bxf5 21.Qb3 Be6 22.d4 e4
23.Ne5 Bxe5 24.dxe5 d4 25.Qb2 Bc4 26.Rfe1 Bd3 27.Bxe4 Bxb1 28.Bxb1 Rff8 29.e6 Qd8
30.Rd1 Rxa3 31.Qxa3 Kh7 32.h4 h5 33.Qc5 Nf5 34.b6 Qf6 35.Bxf5 Qxf5 36.Qxf5 Rxf5
37.Rxd4 Re5 38.Rd7+ Kh6 39.e7  1-0

[Event "Muenster op"]
[Site "Muenster"]
[Date "1994.??.??"]
[Round "9"]
[White "Telljohann, Sven"]
[Black "Kitte, Sebastian"]
[Result "1-0"]
[WhiteElo "2375"]
[BlackElo "2215"]

1.Nf3 Nf6 2.c4 g6 3.g3 Bg7 4.Bg2 O-O 5.O-O d6 6.d4 Nbd7 7.Nc3 e5 8.Qc2 c6
9.Rd1 Re8 10.dxe5 dxe5 11.e4 Qe7 12.h3 h6 13.Be3 Nh7 14.Qd2 g5 15.Rac1 Nhf8
16.c5 Ng6 17.Qd6 Ndf8 18.Qxe7 Rxe7 19.Ne1 Ne6 20.Nc2 Bd7 21.Rd6 Be8 22.Rcd1 Rc7
23.b4 Bf8 24.R6d2 Be7 25.Nd5 cxd5 26.exd5 Nxc5 27.bxc5 Bxc5 28.d6 Bxd6 29.Rxd6 Rxc2
30.Bxb7 Rb8 31.Be4 Rc7 32.Ra6 Rb4 33.Bd5 Ne7 34.Bb3 Nf5 35.Rd8 Kf8 36.Rxa7 Rxa7
37.Bxa7 Ke7 38.Ra8 Rb5 39.Rxe8+ Kxe8 40.Ba4 Nd6 41.Bb8 Kd8 42.Bxb5 Nxb5 43.Bxe5 Ke7
44.a4 Na7 45.a5 Kd7 46.g4 Nc6 47.a6 Kc8 48.Bg7 Nd8 49.Bxh6 Ne6 50.h4 gxh4
51.Be3  1-0

[Event "Muenster-IM"]
[Site "Muenster"]
[Date "1994.??.??"]
[Round "11"]
[White "Molinaroli, Martin"]
[Black "Hausrath, Daniel"]
[Result "1/2-1/2"]
[WhiteElo "2295"]
[BlackElo "2280"]

1.Nf3 Nf6 2.c4 g6 3.g3 Bg7 4.Bg2 O-O 5.O-O d6 6.Nc3 Nc6 7.Rb1 Nh5 8.d3 f5
9.Bd2 f4 10.b4 Bg4 11.Nd5 fxg3 12.fxg3 Qd7 13.Qe1 Nd4 14.Nxd4 Bxd4+ 15.e3 Rxf1+
16.Bxf1 Bg7 17.Bg2 c6 18.Nf4 Nxf4 19.exf4 e5 20.Qf2 exf4 21.Bxf4 Bf5 22.b5 Bxd3
23.bxc6 bxc6 24.Rd1 Bxc4 25.Rxd6 Qf5 26.Bxc6 Rb8 27.Rd1 Rb1 28.Bc1 Bb2 29.Rd8+ Kg7
30.Rd7+ Kg8 31.Rd8+ Kg7 32.Rd7+ Kg8 33.Rd8+  1/2-1/2

[Event "Nagykanizsa op"]
[Site "Nagykanizsa"]
[Date "1994.??.??"]
[Round "?"]
[White "Kustar, Sandor"]
[Black "Boros, Daniel"]
[Result "1-0"]
[WhiteElo "2360"]
[BlackElo "2255"]

1.Nf3 Nf6 2.c4 g6 3.g3 Bg7 4.Bg2 O-O 5.d4 d6 6.Nc3 Nbd7 7.O-O e5 8.e4 c6
9.h3 Qb6 10.Re1 exd4 11.Nxd4 Re8 12.Nc2 Nc5 13.Rb1 Qc7 14.Bf4 Rd8 15.Qd2 Ne6
16.Be3 Nc5 17.Rbd1 Be6 18.b3 a5 19.Nd4 Re8 20.Qc2 Rad8 21.Rd2 Bc8 22.Red1 h6
23.Bf4 Nfd7 24.Kh2 Ne5 25.Be3 Ned7 26.f4 Nf8 27.Re2 f5 28.exf5 gxf5 29.Bf2 Qf7
30.Red2 Na6 31.Nde2 Nb4 32.Qb1 Qc7 33.Na4 c5 34.Nac3 Kh8 35.Nb5 Qe7 36.Nxd6 Rxd6
37.Rxd6 Qc7 38.Bf3 Ne6 39.Bh5 Rf8 40.Ng1 Nc6 41.Rxe6 Bxe6 42.Bxc5 Rg8 43.Bd6 Qb6
44.c5 Qb4 45.Nf3 Bf6 46.Qd3 Qa3 47.Qe2 Bc8 48.Ne5 a4 49.Bf7  1-0

[Event "Nagykanizsa op"]
[Site "Nagykanizsa"]
[Date "1994.??.??"]
[Round "?"]
[White "Kustar, Sandor"]
[Black "Jovanovic, Sasa T"]
[Result "1/2-1/2"]
[WhiteElo "2360"]
[BlackElo "2340"]

1.Nf3 Nf6 2.c4 g6 3.g3 Bg7 4.Bg2 O-O 5.d4 d6 6.Nc3 c5 7.O-O Nc6 8.d5 Na5
9.Nd2 a6 10.Qc2 e5 11.b3 Nh5 12.e4 f5 13.exf5 gxf5 14.Bb2 Bd7 15.a3 b5 16.cxb5 axb5
17.b4 Nb7 18.Rae1 Qb6 19.Bh3 Rf7 20.Kh1 e4 21.Nd1 Rc8 22.Qb1 c4 23.Bxg7 Nxg7
24.Qb2 Qa7 25.Qc3 Ra8 26.Nb1 Re8 27.Ne3 Nd8 28.Ng2 Rff8 29.Nd2 Re5 30.f3 Rxd5
31.Nf4 Re5 32.fxe4 Bc6 33.Nd5  1/2-1/2

[Event "New York Murphy-ACF"]
[Site "New York"]
[Date "1994.??.??"]
[Round "1"]
[White "Solomons, Deon"]
[Black "Rogers, Norman"]
[Result "1-0"]
[WhiteElo "2275"]
[BlackElo "2290"]

1.c4 Nf6 2.Nf3 g6 3.g3 Bg7 4.Bg2 O-O 5.O-O d6 6.Nc3 e5 7.d3 Re8 8.Rb1 a5
9.a3 Nbd7 10.e4 Nf8 11.h3 c6 12.Re1 h6 13.b4 Ne6 14.Be3 axb4 15.axb4 Nh7
16.Qd2 Nhg5 17.Nxg5 hxg5 18.Ra1 Rxa1 19.Rxa1 Bf6 20.Ra8 Kg7 21.Na4 Nd4 22.Bxd4 exd4
23.Qc2 Qe7 24.Nb6 Be6 25.Qa4 Rxa8 26.Qxa8 Qc7 27.Qa7 Be5 28.Na8 Qe7 29.b5 cxb5
30.cxb5 Qd7 31.b6 Qc6 32.Nc7 Bd7 33.Nd5 Qc1+ 34.Kh2 Qd2 35.f4 gxf4 36.gxf4 Bxf4+
37.Nxf4 Qxf4+ 38.Kh1 Qc1+ 39.Kh2 Bc6 40.Qb8 Qf4+ 41.Kh1 Qg3 42.Qc7 Qf4 43.Qd8 Kh7
44.Qe7 Kg7 45.Qd8 Qg3 46.Qc7 Qe5 47.Qd8 f5 48.exf5 Bxg2+ 49.Kxg2 Qd5+ 50.Kg3 Qe5+
51.Kg2 Qd5+ 52.Kg3 gxf5 53.Qe7+ Kg6 54.Qe8+ Kf6 55.Qh8+ Kg6 56.Kf4 Qf7 57.h4 Qa2
58.h5+ Kf7 59.Qh7+ Ke8 60.Qxb7 Qh2+ 61.Kg5 Qg3+  1-0

[Event "New York op"]
[Site "New York"]
[Date "1994.??.??"]
[Round "3"]
[White "Bjarnason, Saevar"]
[Black "Paschall, William M"]
[Result "0-1"]
[WhiteElo "2315"]
[BlackElo "2230"]

1.Nf3 Nf6 2.c4 g6 3.g3 Bg7 4.Bg2 O-O 5.O-O d6 6.d4 Nbd7 7.Nc3 e5 8.e4 h6
9.h3 Nh7 10.dxe5 dxe5 11.Be3 c6 12.Qd2 Nb6 13.Qe2 Qe7 14.c5 Nd7 15.b4 a5
16.a3 f5 17.Rad1 f4 18.Bc1 axb4 19.axb4 g5 20.Nd2 fxg3 21.fxg3 Nxc5 22.Rxf8+ Nxf8
23.Nc4 Nce6 24.Nb6 Nd4 25.Qb2 Rb8 26.Nxc8 Rxc8 27.Be3 Nfe6 28.Rb1 b5 29.Qa2 Kh8
30.Nd1 Qf8 31.Nf2 Ra8 32.Qb2 Qe7 33.Nd3 Qa7 34.Kh1 Qa3 35.Bf1 Qxb2 36.Rxb2 Ra3
37.Kg2 Bf8 38.Kf2 Bd6 39.Bc1 Nb3 40.Be3 Ned4 41.h4 Ne6 42.Bh3 Nbd4 43.Rd2 Kg7
44.Bg4 Kf6 45.Kg2 Rb3 46.hxg5+ hxg5 47.Bd1 Rb1 48.Bh5 Kg7 49.Be8 Kf8 50.Bxc6 Nxc6  0-1

[Event "PCA-op"]
[Site "New York"]
[Date "1994.??.??"]
[Round "4"]
[White "Vaganian, Rafael A"]
[Black "Van Wely, Loek"]
[Result "1/2-1/2"]
[WhiteElo "2645"]
[BlackElo "2560"]

1.Nf3 Nf6 2.c4 g6 3.g3 Bg7 4.Bg2 O-O 5.O-O d6 6.Nc3 e5 7.d3 h6 8.Rb1 a5 9.a3 Re8
10.Nd2 c6 11.b4 axb4 12.axb4 d5 13.Bb2 Be6 14.Ra1 Na6 15.b5 Nc5 16.Na4 Nfd7
17.Nxc5 Nxc5 18.Qc2 Rc8 19.bxc6 bxc6 20.Rfc1 d4 21.Ba3 Bf8 22.Bxc5 Bxc5 23.Rcb1 Bf8
24.Ra6 c5 25.Rbb6 Kg7 26.Qa2 Bd7 27.Bd5 Rb8 28.Rxb8 Qxb8 29.Ra7 Re7 30.Rb7 Qd8
31.Nb3 Bc8 32.Rb8 Rc7 33.Qa5 Qe7 34.Qb6 Qd6 35.Qxd6 Bxd6 36.Ra8 Bh3 37.Na5 h5
38.Bg2 Bg4 39.Kf1 Bd7 40.h4 Rc8 41.Ra7 Rc7 42.Ra6 Be7 43.Bd5 Bc8 44.Ra8 Bd7
45.Kg2 g5 46.hxg5 Bxg5 47.Nb7 Be7 48.Nd8 Bxd8 49.Rxd8 Bg4 50.f3 Bd7 51.Ra8 Bf5
52.Re8 Kf6 53.Rh8 Bg6 54.Be4 Bxe4 55.fxe4 Kg6 56.Rg8+ Kf6 57.Rd8 Kg6 58.Rd6+ f6
59.Ra6 Rc8 60.Kf3 Rc7 61.Ra8 Rc6 62.g4 hxg4+ 63.Kxg4 Rc7  1/2-1/2

[Event "NLD-ch"]
[Site "?"]
[Date "1994.??.??"]
[Round "1"]
[White "Van der Werf, Mark"]
[Black "Nijboer, Friso"]
[Result "0-1"]
[WhiteElo "2430"]
[BlackElo "2530"]

1.Nf3 Nf6 2.g3 g6 3.Bg2 Bg7 4.c4 O-O 5.O-O d6 6.d4 Nc6 7.Nc3 e5 8.d5 Ne7
9.e4 Ne8 10.b4 f5 11.Ng5 h6 12.Ne6 Bxe6 13.dxe6 c6 14.c5 Rf6 15.Qb3 Qc8 16.cxd6 Nxd6
17.f4 Qxe6 18.fxe5 Qxb3 19.axb3 Re6 20.Bxh6 Bxe5 21.exf5 Ndxf5 22.Bd2 Rd8
23.Be1 Bd4+ 24.Kh1 Rxe1 25.Raxe1 Bxc3 26.Re4 Rd4 27.b5 cxb5 28.Re5 b4 29.Bxb7 Rd7
30.Rb5 Nd4 31.Rd1 Rc7 32.Bd5+ Nxd5 33.Rxd5 Nxb3 34.Rd8+ Kg7 35.R8d7+ Rxd7
36.Rxd7+ Kh6 37.Rxa7 Nd2  0-1